000 00537nam a2200205Ia 4500
003 GCL
008 140319s9999 xx 000 0 eng d
040 _aGCL /
_cGCL
082 0 4 _a004.56
_bM P
100 1 _aLAYTON, ROBERT
245 1 0 _aTHE PENGUIN GUIDE TO COMPACT DISCS AND CASSETTES /
_cLAYTON, ROBERT
700 1 _aMARCH, IVAN
700 1 _aGREENFIELD, EDWARD
260 _a[S.N] :
_bPENGUIN BOOKS ،
_c1996
300 _a1580 P
650 0 4 _aنار
650 0 4 _aFLOPPY DISKS
650 0 4 _aCOMPACT DISKS
942 _2ddc
_cBK
999 _c15773
_d15773